000 01150nam a2200253Ia 4500
003 OSt
005 20220923224524.0
006 a|||||r|||| 00| 0
007 ta
008 tel
024 _a238,699
037 _cTextual
040 _aARTS
_cARTS
_btel
041 _2tel
_atel
082 _aO35,3M92,BP, 152P7
100 _aशास्त्री, मोक्कपटि नरसिंह; शर्मा, एम. बि. वि. आइ. आर., अनु.
_9168069
245 0 _aबैरिस्टर पार्वतीशम, अनु एम बि वि आइ आर शर्मा
246 _aBairisṭar pārvatīshama, anu em bi vi āi ār sharmā
260 _aहैदराबाद
_b आंध्र प्रदेश हिन्दी अकादेमी
_c2007
300 _a601पृ0
_ccm.
650 _aतेलुगु साहित्य
_9156264
942 _hO35,3M92,BP, 152P7
_cTEXL
_2CC
999 _c371964
_d371964